000 00307nam a2200157Ia 4500
100 _aDasgupta/Sanjoy
650 _aAlgorithms
942 _cBK
366 _f20
245 _aAlgorithms
260 _bTatamcgraw Hill
_c2008
082 _a5.133
_bDAS
300 _a320
546 _aENGLISH
999 _c25742
_d25742